| 000 | 00680nam a2200265Ia 4500 | ||
|---|---|---|---|
| 001 | Para_216 | ||
| 003 | CHAP | ||
| 008 | 220125s1990 xx 000 0 und d | ||
| 010 | _a198949 | ||
| 040 | _cCHAP | ||
| 090 | _aPA FOLLETO 3185 | ||
| 100 |
_aOrtiz Cornejo, Arturo _983954 |
||
| 245 |
_aUso de Bromuro de metilo / _c por Arturo Ortiz Cornejo |
||
| 260 |
_aMéxico : _b ANDSA |
||
| 300 | _a34 p. | ||
| 410 | _aManual de fumigación; 1 | ||
| 650 |
_aFungicidas _944044 |
||
| 901 | _aPA FOLLETO 3185 | ||
| 902 | _aA | ||
| 905 | _a0000001990 a 0000000000 00 | ||
| 910 | _a1990 | ||
| 942 | _cPARA | ||
| 942 |
_cPARA _d1 |
||
| 999 |
_c198949 _d198949 |
||